Pamiatková obnova budovy energocentrály bývalej smaltovne v Lučenci

Saved in:
Bibliographic Details
Main Author: Šuleková, Veronika (Author)
Other Authors: Vodrážka, Peter (Thesis advisor)
Format: Manuscript Book
Language:Slovak
Published: Bratislava 2017
Subjects:
Online Access:http://is.stuba.sk/zp/portal_zp.pl?podrobnosti=125891
Tags: Add Tag
No Tags, Be the first to tag this record!

MARC

LEADER 00000ntm a22000003a 4500
001 stuzp63710
003 SK-STU
005 20210215124938.7
007 ta
008 150427s2015----xo-----f-mn---000-0-slo-d
040 |a STU  |b slo 
041 0 |a slo 
100 1 |a Šuleková, Veronika  |u 053130  |4 aut  |U FAD Fakulta architektúry  |T FA Ústav dejín a teórie architektúry a obnovy pamiatok  |X 62191  |U A3130  |Y 394  |7 62191 
242 0 1 |a The preservation and restoration of the former enamel factory power station building in Lučenec  |y eng 
245 1 0 |a Pamiatková obnova budovy energocentrály bývalej smaltovne v Lučenci 
260 |c 2017  |a Bratislava 
650 4 |a industriálne dedičstvo  |2 slo 
650 4 |a konverzia  |2 slo 
650 4 |a dostavba  |2 slo 
650 4 |a obnova  |2 slo 
650 4 |a industrial heritage  |2 eng 
650 4 |a renovation  |2 eng 
650 4 |a completion  |2 eng 
650 4 |a conversion  |2 eng 
700 1 |a Vodrážka, Peter  |u 053130  |k Z1  |4 ths  |U FAD Fakulta architektúry  |T FA Ústav dejín a teórie architektúry a obnovy pamiatok  |X 459  |U A3130  |Y 394  |7 A000000459 
856 4 |u http://is.stuba.sk/zp/portal_zp.pl?podrobnosti=125891  |u https://opac.crzp.sk/?fn=detailBiblioForm&sid=E7FF18FD4FFD5019D8F3E83CC38C